| 000 | a | ||
|---|---|---|---|
| 999 |
_c92021 _d92020 |
||
| 005 | 20190628110411.0 | ||
| 008 | 190612b ||||| |||| 00| 0 eng d | ||
| 020 | _a9789351248316 | ||
| 080 |
_a620.925 _bRAM |
||
| 245 | _aBiocatalysts in biomass to bioproducts | ||
| 260 |
_bDaya _c2017 _aNew Delhi |
||
| 300 | _a264p. | ||
| 653 | _aBiocatalysts | ||
| 653 | _aBiomass | ||
| 653 | _aBioproducts | ||
| 700 | _aRamasamy, K., Ed. by | ||
| 700 | _aKarthikeyan, S., Ed by. | ||
| 700 | _aSivakumar, U., Ed. by | ||
| 942 | _cBK | ||